Southville International School and Colleges
Your cart is empty.
  • Cart
  • Lists
    Public lists list_1 View all
    Your lists Log in to create your own lists
  • Log in to your account
  • Your cookies
  • Search history
Southville International School and Colleges
  • Advanced search
  • Recent comments
  • Most popular
  • Libraries

Log in to your account

Log in with GOOGLE


If you do not have an external account, but do have a local account, you can still log in:

  1. Home
  2. MARC view: Lotty Potter and his best friend Lilly /
Normal view MARC view ISBD view

Lotty Potter and his best friend Lilly / (Record no. 111525)

[ view plain ]
MARC details
000 -LEADER
fixed length control field 00567nam a2200193 a 4500
001 - CONTROL NUMBER
control field 3985
005 - DATE AND TIME OF LATEST TRANSACTION
control field 20140414131917.0
008 - FIXED-LENGTH DATA ELEMENTS--GENERAL INFORMATION
fixed length control field 040721s19uu xx 00 eng d
020 ## - INTERNATIONAL STANDARD BOOK NUMBER
International Standard Book Number 1-58989-300-X
050 ## - LIBRARY OF CONGRESS CALL NUMBER
Classification number ER
Item number L32 2001
100 ## - MAIN ENTRY--PERSONAL NAME
Personal name Stouffer, N. K.
245 ## - TITLE STATEMENT
Title Lotty Potter and his best friend Lilly /
Statement of responsibility, etc written and illustrated by N. K. Stouffer.
260 ## - PUBLICATION, DISTRIBUTION, ETC. (IMPRINT)
Place of publication, distribution, etc Owings Mills, MD :
Name of publisher, distributor, etc Thurman House,
Date of publication, distribution, etc 2001.
300 ## - PHYSICAL DESCRIPTION
Extent 1 v. : ill.
440 ## - SERIES STATEMENT/ADDED ENTRY--TITLE
Title Larry Potter Storybooks
650 ## - SUBJECT ADDED ENTRY--TOPICAL TERM
Topical term or geographic name as entry element Friendship
General subdivision Fiction.
650 ## - SUBJECT ADDED ENTRY--TOPICAL TERM
Topical term or geographic name as entry element Children stories.
Holdings
Withdrawn status Lost status Damaged status Use restrictions Home library Current library Shelving location Date acquired Source of acquisition Total Checkouts Full call number Barcode Date last seen Price effective from Koha item type
        Munich Library Munich Library Easy Reading Section 07/21/2004     ER L32 2001 M2290 04/14/2014 04/14/2014 Books

Lotty Potter and his best friend Lilly /

APA

Stouffer N. K., . (2001). Lotty Potter and his best friend Lilly. Owings Mills, MD: Thurman House.

Chicago

Stouffer N K, . 2001. Lotty Potter and his best friend Lilly. Owings Mills, MD: Thurman House.

Harvard

Stouffer N. K., . (2001). Lotty Potter and his best friend Lilly. Owings Mills, MD: Thurman House.

MLA

Stouffer N K, . Lotty Potter and his best friend Lilly. Owings Mills, MD: Thurman House. 2001.

  • Place hold
  • Print
  • Cite
  • Add to your cart (remove)
  • Save record
    BIBTEX Dublin Core MARCXML MARC (non-Unicode/MARC-8) MARC (Unicode/UTF-8) MARC (Unicode/UTF-8, Standard) MODS (XML) RIS
  • More searches
    Search for this title in:
    Other Libraries (WorldCat) Other Databases (Google Scholar) Online Stores (Bookfinder.com) Open Library (openlibrary.org)

Exporting to Dublin Core...

SOUTHVILLE LIBRARY

Southville International School and Colleges Library

1281 Tropical Ave. Cor. Luxembourg St., BF Homes International, Las Pinas City

Tel. No. 8256374 / 252358 Loc. 117/146

Powered by Koha